Statistics for Star Trek Trivia

Click here to take the quiz!

General Stats

  • This quiz has been taken 9,926 times
  • The average score is 15 of 22

Answer Stats

HintAnswer% Correct
These can be set to kill or stunPhasers
94%
Villain of "Star Trek II"Khan
89%
Alien race that aims to assimilateThe Borg
89%
Last name of Wesley and BeverlyCrusher
81%
Vulcan telepathic techniqueMind {Meld}
81%
Captain Kirk's middle nameTiberius
81%
Place on the ship that runs
realistic simulations
Holodeck
79%
Animals that needed to be saved
in "Star Trek IV"
Humpback Whales
76%
Captain of the USS VoyagerKathryn Janeway
68%
Race with big ears that loves profitFerengi
66%
Crystals that power the warp driveDilithium
64%
Machine that can make Earl Grey tea,
or almost anything else
Replicator
62%
Quadrant of the galaxy in which
Earth is located
Alpha
61%
Handheld sensor deviceTricorder
57%
Character who is not a bricklayerDr. Leonard McCoy
56%
Engine used for traveling at less
than warp speed
Impulse Drive
55%
Actor who played Geordi La ForgeLeVar Burton
55%
Illegal blue beverage{Romulan} Ale
55%
Race that oppressed the BajoransCardassians
53%
Planet that Deanna Troi comes fromBetazed
50%
Organization that Q belongs toThe Q Continuum
50%
Musical instrument played by RikerTrombone
49%

Score Distribution

Percentile by Number Answered

Percent of People with Each Score

Your Score History

You have not taken this quiz